Programmers Guide to Java Certification (Record no. 2792)

MARC details
000 -LEADER
fixed length control field 00342nam a2200133Ia 4500
008 - FIXED-LENGTH DATA ELEMENTS--GENERAL INFORMATION
fixed length control field 191201s2007 xx 000 0 und d
082 ## - DEWEY DECIMAL CLASSIFICATION NUMBER
Classification number 005.133
Item number MUP
100 ## - MAIN ENTRY--PERSONAL NAME
Personal name MUGHAL, Khalid A
245 #0 - TITLE STATEMENT
Title Programmers Guide to Java Certification
260 ## - PUBLICATION, DISTRIBUTION, ETC. (IMPRINT)
Place of publication, distribution, etc N.Delhi
Name of publisher, distributor, etc Pearson Education
Date of publication, distribution, etc 2007
300 ## - PHYSICAL DESCRIPTION
Extent -
650 ## - SUBJECT ADDED ENTRY--TOPICAL TERM
Topical term or geographic name as entry element B.Tech(IT)
942 ## - ADDED ENTRY ELEMENTS (KOHA)
Source of classification or shelving scheme Dewey Decimal Classification
Koha item type Text Books
Holdings
Withdrawn status Lost status Source of classification or shelving scheme Damaged status Not for loan Collection code Home library Current library Date acquired Source of acquisition Cost, normal purchase price Bill Number Total Checkouts Full call number Acc. no. / Barcode Date last seen Date last borrowed Bill Date Koha item type
    Dewey Decimal Classification     B.Tech(IT) PIET C-LIBRARY PIET C-LIBRARY 16/08/2007 J B C, New Delhi 580.00 698 2 005.133 MUP 6143 08/08/2022 26/07/2022 27/07/2007 Text Books
    Dewey Decimal Classification     B.Tech(IT) PIET C-LIBRARY PIET C-LIBRARY 16/08/2007 J B C, New Delhi 580.00 698 3 005.133 MUP 6144 07/10/2022 26/09/2022 27/07/2007 Text Books
    Dewey Decimal Classification     B.Tech(IT) PIET C-LIBRARY PIET C-LIBRARY 16/08/2007 J B C, New Delhi 580.00 698 1 005.133 MUP 6145 13/09/2022 02/09/2022 27/07/2007 Text Books
    Dewey Decimal Classification     B.Tech(IT) PIET C-LIBRARY PIET C-LIBRARY 16/08/2007 J B C, New Delhi 580.00 698 1 005.133 MUP 6146 05/08/2022 01/08/2022 27/07/2007 Text Books
    Dewey Decimal Classification     B.Tech(IT) PIET C-LIBRARY PIET C-LIBRARY 16/08/2007 J B C, New Delhi 580.00 698   005.133 MUP 6147 04/12/2019   27/07/2007 Text Books
    Dewey Decimal Classification     B.Tech(IT) PIET C-LIBRARY PIET C-LIBRARY 16/08/2007 J B C, New Delhi 580.00 698 4 005.133 MUP 6148 26/09/2022 13/09/2022 27/07/2007 Text Books

Design & Developed by: PIET Central Library
R70 Miles Stone Pattikalyana Samalkha Panipat 132102
mail ID :- [email protected], Phone No:- 0180-2569700 Ex.216